Meilleur joueur du Championnat d'Europe de football - Statistiques

Statistiques générales
  • Ce quiz a été pris 180 fois
    101 depuis la dernière actualisation
  • Le résultat moyen est 5 sur 8
Statistiques - réponses
Année Nationalité Joueur % Correct
2016 France Antoine Griezmann
86%
2000 France Zinédine Zidane
86%
2012 Espagne Andrés Iniesta
82%
2020 Italie Gianluigi Donnarumma
77%
2024 Espagne Rodri
73%
2008 Espagne Xavi
73%
1996 Allemagne Matthias Sammer
22%
2004 Grèce Theodōros Zagorakīs
6%
Aucun quiz correspondant
Distribution des résultats
% des personnes avec chaque résultat
Percentile par nombre de réponses
Votre historique - résultats
Vous n’avez pas pris ce quiz depuis la dernière actualisation